The stone idol / (Record no. 14531)

MARC details
000 -LEADER
fixed length control field 01831nam a22003857a 4500
001 - CONTROL NUMBER
control field B--265106-111
005 - DATE AND TIME OF LATEST TRANSACTION
control field 20080722152635.0
006 - FIXED-LENGTH DATA ELEMENTS--ADDITIONAL MATERIAL CHARACTERISTICS--GENERAL INFORMATION
fixed length control field a|||||r|||||00| 0
007 - PHYSICAL DESCRIPTION FIXED FIELD--GENERAL INFORMATION
fixed length control field ta
008 - FIXED-LENGTH DATA ELEMENTS--GENERAL INFORMATION
fixed length control field 080722t xxu||||| |||| 00| 1 eng d
020 ## - INTERNATIONAL STANDARD BOOK NUMBER
International Standard Book Number 0448437023
Terms of availability 135.00
020 ## - INTERNATIONAL STANDARD BOOK NUMBER
International Standard Book Number 9780448437026
035 ## - SYSTEM CONTROL NUMBER
System control number B--265106-111
037 ## - SOURCE OF ACQUISITION
Stock number Blueberry/8.05.08/5/8.4.08/5.6.08
040 ## - CATALOGING SOURCE
Original cataloging agency DDC
082 00 - DEWEY DECIMAL CLASSIFICATION NUMBER
Classification number S/ DIX
100 1# - MAIN ENTRY--PERSONAL NAME
Personal name Dixon, Franklin W.
245 14 - TITLE STATEMENT
Title The stone idol /
Statement of responsibility, etc Franklin W. Dixon
260 ## - PUBLICATION, DISTRIBUTION, ETC. (IMPRINT)
Place of publication, distribution, etc New York
Name of publisher, distributor, etc Grosset & Dunlop
Date of publication, distribution, etc 2005
260 ## - PUBLICATION, DISTRIBUTION, ETC. (IMPRINT)
Place of publication, distribution, etc New Delhi
Name of publisher, distributor, etc Blue Berry (Vendor)
Date of publication, distribution, etc 2005
300 ## - PHYSICAL DESCRIPTION
Extent 177 p. :
Dimensions 20 cm.
Other physical details ill ;
490 0# - SERIES STATEMENT
Series statement The Hardy boys mystery stories ;
Volume number/sequential designation 65
520 ## - SUMMARY, ETC.
Summary, etc Their search for an Easter Island idol takes the Hardy boys to Easter Island and on to investigate the theft of government material in Antarctica.
650 #1 - SUBJECT ADDED ENTRY--TOPICAL TERM
Topical term or geographic name as entry element Mystery and detective stories.
651 #1 - SUBJECT ADDED ENTRY--GEOGRAPHIC NAME
Geographic name Easter Island
General subdivision Fiction.
651 #1 - SUBJECT ADDED ENTRY--GEOGRAPHIC NAME
Geographic name Antarctica
General subdivision Fiction.
700 1# - ADDED ENTRY--PERSONAL NAME
Personal name Morrill, Leslie H.
942 ## - ADDED ENTRY ELEMENTS (KOHA)
Source of classification or shelving scheme Dewey Decimal Classification
Koha item type Children Books
Holdings
Withdrawn status Lost status Source of classification or shelving scheme Damaged status Not for loan Collection code Home library Current library Date acquired Cost, normal purchase price Total Checkouts Total Renewals Full call number Barcode Date last seen Date checked out Copy number Cost, replacement price Price effective from Koha item type
    Dewey Decimal Classification     Fiction Central Library Central Library 22/07/2008 135.00 5 4 S / DIX B-265106 08/01/2024 25/11/2023 1 135.00 15/09/2008 Children Books
    Dewey Decimal Classification     Fiction Karol Bagh Karol Bagh 22/07/2008 135.00     S / DIX B-265110 15/09/2008   1 135.00 15/09/2008 Children Books
    Dewey Decimal Classification     Fiction Patel Nagar Patel Nagar 22/07/2008 135.00     S / DIX B-265107 15/09/2008   1 135.00 15/09/2008 Children Books
    Dewey Decimal Classification     Fiction Peshwa Road Peshwa Road 22/07/2008 135.00     S / DIX B-265108 15/09/2008   1 135.00 15/09/2008 Children Books
    Dewey Decimal Classification     Fiction Sarojini Nagar Sarojini Nagar 22/07/2008 135.00 1   S / DIX B-265109 13/06/2024 03/06/2024 1 135.00 15/09/2008 Children Books
    Dewey Decimal Classification     Fiction Shahdara Branch Shahdara Branch 22/07/2008 135.00 4   S / DIX B-265111 27/03/2023 16/03/2023 1 135.00 15/09/2008 Children Books

© Delhi Public Library
Hit Counter
free hit counter